Top 5 European Leagues Top Clean Sheets: 2007/08 - Statistics

General Stats
  • This quiz has been taken 5 times
  • The average score is 10 of 27
Answer Stats
League Clean Sheets Club Nationality Player % Correct
La Liga 14 Real Madrid Spain Iker Casillas
100%
Premier League 15 Manchester United Netherlands Edwin van der Sar
80%
Serie A 16 Juventus Italy Gianluigi Buffon
80%
Bundesliga 12 Bayern Munich Germany Oliver Kahn
80%
Premier League 15 Chelsea Czechia Petr Cech
80%
Premier League 14 Everton USA Tim Howard
80%
Bundesliga 12 Schalke Germany Manuel Neuer
60%
Premier League 18 Liverpool Spain Pepe Reina
60%
Bundesliga 9 Bayer Leverkusen Germany Rene Adler
60%
La Liga 14 Barcelona Spain Victor Valdes
60%
Premier League 16 Portsmouth England David James
40%
Bundesliga 13 Hamburg Germany Frank Rost
40%
Ligue 1 13 Nice France Hugo Lloris
40%
Bundesliga 10 Hertha Berlin Czechia Jaroslav Drobny
40%
Serie A 13 Fiorentina France Sebastien Frey
40%
La Liga 12 Villarreal Spain Diego Lopez
20%
Serie A 17 Inter Brazil Julio Caesar
20%
Ligue 1 13 PSG France Mickael Landreau
20%
Ligue 1 16 Bordeaux France Ulrich Rame
20%
Serie A 16 Roma Brazil Doni
0%
Ligue 1 16 Lorient France Fabien Audard
0%
Ligue 1 17 Nancy France Gennaro Bracigliano
0%
Bundesliga 9 Karlsruher Germany Markus Miller
0%
Ligue 1 13 Valenciennes France Nicolas Penneteau
0%
La Liga 13 Osasuna Spain Ricardo
0%
Serie A 12 Udinese Slovenia Samir Handandovic
0%
La Liga 17 Racing Santander Spain Tono
0%
No matching quizzes found
Score Distribution
Percent of People with Each Score
Percentile by Number Answered
Your Score History
You have not taken this quiz